La religión
Збережено в:
| Автор: | |
|---|---|
| Формат: | Книга |
| Мова: | Іспанська |
| Опубліковано: |
Madrid
Gregorio del Amo
1899
|
| Предмети: | |
| Теги: |
Додати тег
Немає тегів, Будьте першим, хто поставить тег для цього запису!
|
MARC
| LEADER | 00000cam a2200000 a 4500 | ||
|---|---|---|---|
| 001 | UCI6683 | ||
| 003 | CL-VaPUC | ||
| 008 | 080523e18990000SP |||||||||||||||||spa|d | ||
| 082 | 0 | 4 | |a 200 |b MIR |2 21 |
| 100 | |a Mir y Noguera, Juan |e autor |9 586058 | ||
| 245 | 1 | 3 | |a La religión |
| 300 | |a 823 p | ||
| 942 | |c BK | ||
| 945 | |d 20080523 00:00:00 |a rbrito | ||
| 260 | |a Madrid |b Gregorio del Amo |c 1899 | ||
| 500 | |a Donación Padres Capuchinos | ||
| 650 | 0 | |a Religión |9 255164 | |
| 650 | 0 | |a Historia de la religión |9 313185 | |
| 583 | |a last modification |c 20160505 01:59:50 |k Rodrigo Vera | ||
| 999 | |c 330133 |d 330131 | ||
| 952 | |0 0 |1 0 |4 0 |6 200_000000000000000_MIR_1899 |7 0 |8 X |9 415495 |a FDOBUD |b FDOBUD |d 2019-11-22 |i 444132K |o 200 MIR 1899 |p 444132K |r 2019-11-22 |w 2019-11-22 |y BK_X |k BUD | ||
| 952 | |0 0 |1 0 |3 erd |4 0 |6 200_000000000000000_MIR_1899 |7 0 |8 X |9 415496 |a BIBTEO |b BIBTEO |c TEO_FFR |i 5230829 |o 200 MIR 1899 |p 5230829 |r 2024-01-18 |w 2019-11-22 |y BK_X |z Catalogado en:20160505 |k OFM | ||